000 00296nam a22001457a 4500
008 210302b ||||| |||| 00| 0 eng d
020 _a9780133721157
041 _aeng
080 _a51
082 _a51
100 _a37
101 _aMAT
245 _aMathematics
_cHall, P
942 _2udc
_cBK
999 _c55528
_d55528